[Event "Copa Latinoamericana de Ajedrez 2011"]
[Site "Montevideo URU"]
[Date "2011.11.05"]
[Round "8.26"]
[White "Colombo, Camila"]
[Black "Piñeiro, Dario"]
[Result "1/2-1/2"]
[WhiteElo "2096"]
[BlackElo "2198"]
[PlyCount "143"]
[EventDate "2011.11.01"]
[EventType "swiss"]
[EventRounds "9"]
[EventCountry "URU"]
[Source "lmi"]
[SourceDate "2011.11.01"]

1. d4 f5 2. g3 Nf6 3. Bg2 d6 4. Nf3 g6 5. O-O Bg7 6. b3 O-O 7. Bb2 Qe8 8. c4
Na6 9. Nbd2 e5 10. dxe5 Ng4 11. e4 Nxe5 12. Nxe5 Bxe5 13. Qb1 Nc5 14. Bxe5 Qxe5
15. b4 Nxe4 16. Nxe4 fxe4 17. Qxe4 Qxe4 18. Bxe4 Be6 19. Rac1 Rab8 20. a3 Kg7
21. Rfe1 Rfe8 22. Bg2 b6 23. Bc6 Re7 24. Re3 Rf8 25. Rce1 Rf6 26. f4 h6 27. Bd5
Kf7 28. b5 Re8 29. h3 h5 30. g4 hxg4 31. hxg4 Bxd5 32. Rxe8 Be6 33. g5 Kxe8 34.
gxf6 Kf7 35. Rc1 Kxf6 36. Kf2 Bd7 37. Ke3 c6 38. a4 c5 39. Rd1 Ke6 40. Ke4 Bc8
41. Rg1 Kf6 42. Rd1 Bb7+ 43. Ke3 Ke6 44. Rd2 d5 45. cxd5+ Bxd5 46. Rb2 Kf5 47.
Rb1 Be4 48. Rc1 Bd5 49. Rd1 Bb3 50. Rd7 Bxa4 51. Rxa7 Bxb5 52. Rb7 Bf1 53. Rxb6
c4 54. Rb5+ Kf6 55. Rc5 Bd3 56. Kd4 Ke6 57. Ra5 Kf6 58. Re5 Kf7 59. Rc5 Kf6 60.
Rg5 Ke6 61. Ra5 Kf6 62. Ke3 Ke6 63. Ra6+ Kf5 64. Ra5+ Ke6 65. Ra6+ Kf5 66. Rd6
Bf1 67. Rd5+ Kf6 68. Rc5 Bd3 69. Kf2 Ke6 70. Ra5 Kf6 71. Ke3 Ke6 72. Kd4
1/2-1/2

[Event "Copa Latinoamericana de Ajedrez 2011"]
[Site "Montevideo URU"]
[Date "2011.11.05"]
[Round "8.27"]
[White "Oddone, Cristhian"]
[Black "Carbone, Diego"]
[Result "1-0"]
[WhiteElo "2197"]
[BlackElo "2030"]
[PlyCount "85"]
[EventDate "2011.11.01"]
[EventType "swiss"]
[EventRounds "9"]
[EventCountry "URU"]
[Source "lmi"]
[SourceDate "2011.11.01"]

1. d4 Nf6 2. e3 e6 3. Bd3 c5 4. Nd2 Nc6 5. Ngf3 b6 6. c3 Bb7 7. O-O d5 8. Ne5
Nxe5 9. dxe5 Nd7 10. f4 Qc7 11. a4 a6 12. Nf3 Be7 13. Bd2 O-O-O 14. Be1 Kb8 15.
Qe2 Ka7 16. Bf2 f5 17. exf6 Nxf6 18. Ng5 c4 19. Bc2 Qc6 20. e4 Nxe4 21. Bxe4
Bxg5 22. Bf3 Bxf4 23. a5 Bc7 24. Qe3 Rhe8 25. b3 cxb3 26. Rfb1 Qb5 27. Be2 Qc6
28. Qh3 Kb8 29. Rxb3 b5 30. Rab1 Rd7 31. Rxb5 axb5 32. Bxb5 Qd6 33. a6 Bb6 34.
Bxd7 Bxf2+ 35. Kh1 Rf8 36. Qxe6 Qxe6 37. Rxb7+ Ka8 38. Bxe6 Rf6 39. Bxd5 Rxa6
40. g3 Rf6 41. Kg2 Ba7 42. Rxg7+ Kb8 43. Rb7+ 1-0

[Event "Copa Latinoamericana de Ajedrez 2011"]
[Site "Montevideo URU"]
[Date "2011.11.05"]
[Round "8.28"]
[White "Escofet, Jaime"]
[Black "Perez, Maximiliano"]
[Result "0-1"]
[WhiteElo "2056"]
[BlackElo "2193"]
[PlyCount "66"]
[EventDate "2011.11.01"]
[EventType "swiss"]
[EventRounds "9"]
[EventCountry "URU"]
[Source "lmi"]
[SourceDate "2011.11.01"]

1. e4 c5 2. Nf3 d6 3. d4 cxd4 4. Nxd4 Nf6 5. Nc3 a6 6. g3 e5 7. Nde2 Be6 8. Bg2
Be7 9. O-O b5 10. h3 Nbd7 11. g4 Nb6 12. Ng3 O-O 13. f4 exf4 14. Bxf4 Nc4 15.
b3 Ne5 16. Nd5 Bxd5 17. exd5 Nfd7 18. Nf5 Re8 19. Nxe7+ Qxe7 20. Qd2 Qd8 21.
Kh1 Qb6 22. Rae1 Rac8 23. Re2 Ng6 24. Bg3 Rxe2 25. Qxe2 Nge5 26. Qd2 Qc7 27.
Rf2 a5 28. Kh2 b4 29. Qg5 Re8 30. h4 Qc3 31. h5 h6 32. Qf5 Nf6 33. Rf4 g6 0-1

[Event "Copa Latinoamericana de Ajedrez 2011"]
[Site "Montevideo URU"]
[Date "2011.11.05"]
[Round "8.29"]
[White "Rioseco Pinochet, Fernan"]
[Black "Blixen, Federico"]
[Result "1-0"]
[WhiteElo "2192"]
[BlackElo "2131"]
[PlyCount "71"]
[EventDate "2011.11.01"]
[EventType "swiss"]
[EventRounds "9"]
[EventCountry "URU"]
[Source "lmi"]
[SourceDate "2011.11.01"]

1. d4 Nf6 2. c4 e6 3. Nc3 Bb4 4. e3 d5 5. Nf3 O-O 6. Bd3 dxc4 7. Bxc4 c5 8. O-O
cxd4 9. exd4 Nc6 10. Bg5 Be7 11. a3 h6 12. Be3 Nd5 13. Qd3 Bf6 14. Rad1 a6 15.
Ba2 Nxe3 16. fxe3 g6 17. Qe4 Qe7 18. Na4 Bg7 19. h4 Bd7 20. Nc5 Be8 21. h5 e5
22. Qxg6 exd4 23. exd4 Nxd4 24. Rxd4 Qxc5 25. b4 Qc6 26. Rd6 Kh8 27. Qf5 Qc8
28. Qf4 f6 29. Rc1 Bc6 30. Nh4 Qc7 31. Ng6+ Kh7 32. Qf5 Rf7 33. Ne5+ Kg8 34.
Nxf7 Kf8 35. Rxf6 Qb6+ 36. Rc5 1-0

[Event "Copa Latinoamericana de Ajedrez 2011"]
[Site "Montevideo URU"]
[Date "2011.11.05"]
[Round "8.30"]
[White "Rodi, Luis Ernesto"]
[Black "Martinez, Ayelen"]
[Result "1-0"]
[WhiteElo "2406"]
[BlackElo "2123"]
[PlyCount "39"]
[EventDate "2011.11.01"]
[EventType "swiss"]
[EventRounds "9"]
[EventCountry "URU"]
[Source "lmi"]
[SourceDate "2011.11.01"]

1. e4 c5 2. Nc3 e6 3. Nf3 a6 4. d4 cxd4 5. Nxd4 b5 6. g3 Bb7 7. Bg2 Nf6 8. O-O
Qc7 9. Re1 d6 10. a4 b4 11. Nd5 exd5 12. exd5+ Kd8 13. Bg5 Bc8 14. c3 bxc3 15.
Rc1 Be7 16. Rxc3 Qd7 17. Qc2 Ra7 18. Rc1 Bb7 19. Rc7 Qg4 20. h3 1-0

[Event "Copa Latinoamericana de Ajedrez 2011"]
[Site "Montevideo URU"]
[Date "2011.11.05"]
[Round "8.31"]
[White "Matsuura, Frederico"]
[Black "Michailov, Matias"]
[Result "1/2-1/2"]
[WhiteElo "2314"]
[BlackElo "2117"]
[PlyCount "68"]
[EventDate "2011.11.01"]
[EventType "swiss"]
[EventRounds "9"]
[EventCountry "URU"]
[Source "lmi"]
[SourceDate "2011.11.01"]

1. d4 d5 2. Nf3 Nf6 3. Bg5 Ne4 4. Bh4 c5 5. c3 Qb6 6. Qb3 c4 7. Qxb6 axb6 8.
Nbd2 Bf5 9. Nxe4 Bxe4 10. Nd2 Bg6 11. e4 e6 12. Be2 Be7 13. Bg3 Nd7 14. O-O O-O
15. Rfe1 Rfe8 16. exd5 exd5 17. Bg4 Nf6 18. Bf3 Bf8 19. Be5 Ra5 20. a4 Rea8 21.
b3 cxb3 22. Nxb3 Rxa4 23. Rxa4 Rxa4 24. Bxf6 gxf6 25. Bxd5 Ra3 26. Ra1 Bc2 27.
Rxa3 Bxa3 28. Nd2 Bb2 29. c4 Bxd4 30. Bxb7 Bd3 31. Bd5 Bc3 32. Be4 Be2 33. Bf3
Bd3 34. Be4 Be2 1/2-1/2

[Event "Copa Latinoamericana de Ajedrez 2011"]
[Site "Montevideo URU"]
[Date "2011.11.05"]
[Round "8.32"]
[White "El Ters, Antouan"]
[Black "Daneri, Martin"]
[Result "0-1"]
[WhiteElo "2240"]
[BlackElo "2110"]
[PlyCount "61"]
[EventDate "2011.11.01"]
[EventType "swiss"]
[EventRounds "9"]
[EventCountry "URU"]
[Source "lmi"]
[SourceDate "2011.11.01"]

1. e4 e6 2. d4 d5 3. Nc3 Bb4 4. e5 c5 5. a3 Bxc3+ 6. bxc3 Qa5 7. Bd2 Qa4 8. Nf3
b6 9. dxc5 bxc5 10. Bd3 Ba6 11. O-O Ne7 12. Be3 Nd7 13. Re1 Nc6 14. h3 h6 15.
Qd2 Kd8 16. Rad1 Kc7 17. Bf4 Rab8 18. Qe3 Ne7 19. g4 g5 20. Bg3 Rbg8 21. Nd2
Bxd3 22. Qxd3 h5 23. c4 hxg4 24. hxg4 d4 25. Ne4 Nc6 26. c3 Rb8 27. Nd6 Rb6 28.
Qe4 a6 29. Nxf7 Rh3 30. Nxg5 Rxg3+ 31. fxg3 0-1

[Event "Copa Latinoamericana de Ajedrez 2011"]
[Site "Montevideo URU"]
[Date "2011.11.05"]
[Round "8.33"]
[White "Schuh, Astor Jose"]
[Black "Perez Gormaz, Matias"]
[Result "0-1"]
[WhiteElo "2094"]
[BlackElo "2216"]
[PlyCount "56"]
[EventDate "2011.11.01"]
[EventType "swiss"]
[EventRounds "9"]
[EventCountry "URU"]
[Source "lmi"]
[SourceDate "2011.11.01"]

1. e4 c5 2. Nf3 d6 3. Bc4 Nf6 4. Nc3 a6 5. a4 e6 6. d3 Be7 7. Bg5 h6 8. Bxf6
Bxf6 9. Qd2 Nc6 10. O-O Bd7 11. Rfe1 g5 12. h3 O-O 13. Ra3 Kh8 14. h4 Kg7 15.
hxg5 hxg5 16. e5 Nxe5 17. Rxe5 dxe5 18. Ne4 Bc6 19. Nfxg5 Bxg5 20. Nxg5 Qd4 21.
Nh3 Rg8 22. Bxe6 fxe6 23. Qg5+ Kf7 24. Qh5+ Ke7 25. Ng5 Raf8 26. Qh7+ Ke8 27.
Qh5+ Kd7 28. Qh7+ Kc8 0-1

[Event "Copa Latinoamericana de Ajedrez 2011"]
[Site "Montevideo URU"]
[Date "2011.11.05"]
[Round "8.34"]
[White "Arean, Martin"]
[Black "Cristobal, Manuel"]
[Result "0-1"]
[WhiteElo "2066"]
[BlackElo "2208"]
[PlyCount "102"]
[EventDate "2011.11.01"]
[EventType "swiss"]
[EventRounds "9"]
[EventCountry "URU"]
[Source "lmi"]
[SourceDate "2011.11.01"]

1. c4 Nc6 2. Nc3 e5 3. g3 Nf6 4. Bg2 Bc5 5. e3 d5 6. cxd5 Nb4 7. d3 Nfxd5 8.
Nxd5 Nxd5 9. a3 O-O 10. Qc2 Bb6 11. Nf3 Re8 12. O-O Bg4 13. h3 Bh5 14. b3 Qf6
15. Nd2 c6 16. Bb2 Rad8 17. Nc4 Bc7 18. e4 Nb6 19. g4 Nxc4 20. dxc4 Bg6 21. f4
h6 22. c5 Qh4 23. f5 Bh7 24. Rf3 h5 25. gxh5 Qxh5 26. Kh2 g5 27. Raf1 f6 28.
Rg3 Rd4 29. Rg4 Rd7 30. Bf3 Bxf5 31. Rxg5+ Qxg5 32. Rg1 Qxg1+ 33. Kxg1 Bxh3 34.
Bc1 Kf8 35. Qh2 Rh7 36. Qg3 Ree7 37. Qe1 Be6 38. Kf2 Rh2+ 39. Ke3 Rh3 40. Kf2
f5 41. Bg2 Rh2 42. Kg1 Reh7 43. Qb4 Bd8 44. Qd2 Be7 45. Qe3 Bf6 46. Qd3 Rd7 47.
Qg3 Rhh7 48. exf5 Bd5 49. Kf1 Rdg7 50. Qd3 Rxg2 51. Qxd5 cxd5 0-1

[Event "Copa Latinoamericana de Ajedrez 2011"]
[Site "Montevideo URU"]
[Date "2011.11.05"]
[Round "8.35"]
[White "Bustelo, Tabare"]
[Black "Fell, Sebastian"]
[Result "0-1"]
[WhiteElo "2091"]
[BlackElo "2194"]
[PlyCount "58"]
[EventDate "2011.11.01"]
[EventType "swiss"]
[EventRounds "9"]
[EventCountry "URU"]
[Source "lmi"]
[SourceDate "2011.11.01"]

1. f4 g6 2. e4 c5 3. Nf3 Bg7 4. Bc4 Nc6 5. Nc3 e6 6. O-O Nge7 7. e5 d6 8. exd6
Qxd6 9. d3 O-O 10. Kh1 Na5 11. Ne4 Qc7 12. Bb3 b6 13. Qe1 Nxb3 14. axb3 Nf5 15.
Bd2 Bb7 16. Bc3 Nd4 17. Qh4 Qd8 18. Qf2 Nxf3 19. Qxf3 Qe7 20. Qe3 Rfd8 21. Be5
Rd5 22. Ng3 Qd7 23. Ne4 Qd8 24. Qh3 h5 25. Bxg7 Kxg7 26. Rae1 Rd4 27. Ng5 Qf6
28. Nxe6+ fxe6 29. Rxe6 Bc8 0-1

[Event "Copa Latinoamericana de Ajedrez 2011"]
[Site "Montevideo URU"]
[Date "2011.11.05"]
[Round "8.36"]
[White "Chemin, Justo Reinaldo"]
[Black "Garcia Silveira, Luis"]
[Result "1/2-1/2"]
[WhiteElo "2184"]
[BlackElo "2053"]
[PlyCount "117"]
[EventDate "2011.11.01"]
[EventType "swiss"]
[EventRounds "9"]
[EventCountry "URU"]
[Source "lmi"]
[SourceDate "2011.11.01"]

1. d4 Nf6 2. Nf3 g6 3. Bg5 Ne4 4. Bf4 Bg7 5. e3 O-O 6. Nbd2 Nxd2 7. Qxd2 b6 8.
h4 Bb7 9. h5 c5 10. c3 d6 11. hxg6 hxg6 12. e4 Bxe4 13. Bh6 f6 14. dxc5 bxc5
15. Qe3 d5 16. Nd2 Bf5 17. g4 Bxg4 18. Bxg7 Kxg7 19. Qh6+ Kf7 20. Qh7+ Ke6 21.
Qxg6 Rg8 22. Qh6 Qd6 23. f3 Qg3+ 24. Kd1 Bxf3+ 25. Nxf3 Qxf3+ 26. Be2 Qg3 27.
Re1 Kd6 28. c4 Nc6 29. cxd5 Nd4 30. Rc1 Rg5 31. Rc3 Qf4 32. Qh3 Rxd5 33. Rd3 e6
34. Rd2 Nf5 35. Rxd5+ exd5 36. Bg4 Nd4 37. Rf1 Qg5 38. Bc8 f5 39. Qh8 Qe7 40.
Re1 Qg5 41. Qf8+ Kc6 42. Qe8+ Kb6 43. Re6+ Nxe6 44. Qxe6+ Kb5 45. Qa6+ Kb4 46.
Qa3+ Kc4 47. Qc3+ Kb5 48. Qb3+ Ka5 49. Qa3+ Kb6 50. Qa6+ Kc7 51. Qb7+ Kd6 52.
Qxa8 Qg1+ 53. Kd2 Qf2+ 54. Kc1 Qe1+ 55. Kc2 Qe2+ 56. Kc1 Qc4+ 57. Kb1 Qe4+ 58.
Kc1 Qe3+ 59. Kc2 1/2-1/2

[Event "Copa Latinoamericana de Ajedrez 2011"]
[Site "Montevideo URU"]
[Date "2011.11.05"]
[Round "8.37"]
[White "Cordero, Daniela"]
[Black "Guerrero, Alvaro"]
[Result "0-1"]
[WhiteElo "2062"]
[BlackElo "2170"]
[PlyCount "58"]
[EventDate "2011.11.01"]
[EventType "swiss"]
[EventRounds "9"]
[EventCountry "URU"]
[Source "lmi"]
[SourceDate "2011.11.01"]

1. d4 f5 2. Nf3 Nf6 3. c4 g6 4. b4 Bg7 5. Qb3 a5 6. b5 b6 7. e3 Bb7 8. Bd3 O-O
9. O-O e6 10. Ba3 Re8 11. Nbd2 d6 12. Rac1 Nbd7 13. Rfd1 Bf8 14. Qc2 e5 15. e4
fxe4 16. Nxe4 exd4 17. Nxf6+ Qxf6 18. Nxd4 Qxd4 19. Bxg6 Qg7 20. Rd3 hxg6 21.
Bb2 Qf7 22. Rg3 Be4 23. Qd2 Bg7 24. h4 Bxb2 25. Qxb2 Re5 26. f3 Qf4 27. Rg4
Qe3+ 28. Kh2 Bf5 29. Rg5 Qf4+ 0-1

[Event "Copa Latinoamericana de Ajedrez 2011"]
[Site "Montevideo URU"]
[Date "2011.11.05"]
[Round "8.38"]
[White "Ulaneo, Matias"]
[Black "Saralegui, Mario"]
[Result "0-1"]
[WhiteElo "2036"]
[BlackElo "2169"]
[PlyCount "86"]
[EventDate "2011.11.01"]
[EventType "swiss"]
[EventRounds "9"]
[EventCountry "URU"]
[Source "lmi"]
[SourceDate "2011.11.01"]

1. d4 Nf6 2. Nf3 c5 3. g3 g6 4. Bg2 Bg7 5. O-O cxd4 6. Nxd4 O-O 7. c4 Nc6 8.
Nc3 Nxd4 9. Qxd4 d6 10. Bd2 Bd7 11. Rac1 Bc6 12. Bxc6 bxc6 13. Qd3 Qd7 14. e4
Qh3 15. f3 Nd7 16. Be3 Ne5 17. Qe2 f5 18. f4 Ng4 19. exf5 Rxf5 20. Rf3 Rh5 21.
Rc2 Re8 22. Nd1 e5 23. Bxa7 e4 24. Rb3 c5 25. Qg2 Bd4+ 26. Kh1 e3 27. Qxh3 Rxh3
28. Rb8 Rxb8 29. Bxb8 Nxh2 30. Kg2 Rh5 31. Re2 Ng4 32. a4 Rh2+ 33. Kf3 Rh1 34.
Nc3 h5 35. a5 Ra1 36. Bc7 Bxc3 37. bxc3 Kf7 38. Rb2 Ke6 39. Ke2 Kf5 40. Rb8
Ra2+ 41. Ke1 Ke4 42. Rb6 Kf3 43. Rxd6 Rh2 0-1

[Event "Copa Latinoamericana de Ajedrez 2011"]
[Site "Montevideo URU"]
[Date "2011.11.05"]
[Round "8.39"]
[White "Curi, Gabriel"]
[Black "Barboza, Mauro"]
[Result "1-0"]
[WhiteElo "2154"]
[BlackElo "2051"]
[PlyCount "65"]
[EventDate "2011.11.01"]
[EventType "swiss"]
[EventRounds "9"]
[EventCountry "URU"]
[Source "lmi"]
[SourceDate "2011.11.01"]

1. d4 Nf6 2. c4 e6 3. Nc3 c5 4. e3 a6 5. Nf3 Be7 6. Bd3 O-O 7. O-O Qc7 8. a3 d6
9. Qc2 h6 10. b3 b6 11. Bb2 Bb7 12. e4 cxd4 13. Nxd4 Nbd7 14. Qe2 Ne5 15. Bc2
Rac8 16. f4 Nc6 17. Nxc6 Qxc6 18. Rfe1 b5 19. e5 Nd7 20. exd6 Bf6 21. Kh1 bxc4
22. b4 Qxd6 23. Ne4 Qe7 24. Bxf6 Nxf6 25. Nc5 Bd5 26. f5 a5 27. fxe6 axb4 28.
exf7+ Qxf7 29. axb4 Rce8 30. Qf2 Rxe1+ 31. Rxe1 Qc7 32. Qf5 Ne4 33. Qxd5+ 1-0

[Event "Copa Latinoamericana de Ajedrez 2011"]
[Site "Montevideo URU"]
[Date "2011.11.05"]
[Round "8.40"]
[White "Codigone, Maximiliano"]
[Black "Arias, Jorge"]
[Result "0-1"]
[WhiteElo "2033"]
[BlackElo "2151"]
[PlyCount "87"]
[EventDate "2011.11.01"]
[EventType "swiss"]
[EventRounds "9"]
[EventCountry "URU"]
[Source "lmi"]
[SourceDate "2011.11.01"]

1. e4 c5 2. c3 d5 3. exd5 Qxd5 4. d4 Nf6 5. Nf3 e6 6. Na3 Be7 7. Nb5 Na6 8. Be3
cxd4 9. Qxd4 b6 10. Qa4 O-O 11. Rd1 Qe4 12. Qxe4 Nxe4 13. Bd3 Nac5 14. Bc2 a6
15. Bxc5 Nxc5 16. Nd6 Rd8 17. Nxc8 Rxd1+ 18. Kxd1 Rxc8 19. Ke2 g6 20. Rd1 Rd8
21. Rxd8+ Bxd8 22. b4 Nb7 23. Nd4 Kf8 24. Be4 Nd6 25. Bd3 Bf6 26. Bxa6 Bxd4 27.
cxd4 b5 28. Kd3 Ke7 29. Kc2 Kd7 30. Kb3 Kc6 31. a4 bxa4+ 32. Kxa4 Nf5 33. Bd3
Nxd4 34. Ka5 e5 35. b5+ Kc5 36. Ka6 e4 37. Bf1 f5 38. b6 Nc6 39. b7 Nb4+ 40.
Ka7 Nc6+ 41. Ka8 f4 42. g4 g5 43. Be2 f3 44. Bd1 0-1

[Event "Copa Latinoamericana de Ajedrez 2011"]
[Site "Montevideo URU"]
[Date "2011.11.05"]
[Round "8.41"]
[White "Valenzuela Gomez, Fernando"]
[Black "Montoro, Gustavo E"]
[Result "1-0"]
[WhiteElo "2151"]
[BlackElo "2027"]
[PlyCount "69"]
[EventDate "2011.11.01"]
[EventType "swiss"]
[EventRounds "9"]
[EventCountry "URU"]
[Source "lmi"]
[SourceDate "2011.11.01"]

1. d4 d5 2. c4 c6 3. Nf3 Nf6 4. Qc2 g6 5. e3 Bg7 6. Nc3 O-O 7. Bd3 Na6 8. a3 c5
9. cxd5 Nxd5 10. O-O cxd4 11. exd4 Nac7 12. Re1 b6 13. Ne5 Bb7 14. Be4 Rc8 15.
Bd2 Ne6 16. Qd3 Bxe5 17. dxe5 Nc5 18. Qf3 Nxc3 19. Bxb7 Nxb7 20. Bxc3 Nc5 21.
e6 fxe6 22. Qe3 Qd5 23. Rad1 Qf5 24. f3 Rcd8 25. Rd4 Rd5 26. b4 Na4 27. Ba1
Rfd8 28. Re4 R8d6 29. h3 Rd3 30. Qh6 Qf8 31. Qg5 R3d5 32. Qc1 h5 33. Be5 Rd7
34. Qc6 Qf5 35. Rf4 1-0

[Event "Copa Latinoamericana de Ajedrez 2011"]
[Site "Montevideo URU"]
[Date "2011.11.05"]
[Round "8.42"]
[White "Vaz, Leonardo"]
[Black "Mafra Kaiser, Luiz"]
[Result "0-1"]
[WhiteElo "2014"]
[BlackElo "2150"]
[PlyCount "62"]
[EventDate "2011.11.01"]
[EventType "swiss"]
[EventRounds "9"]
[EventCountry "URU"]
[Source "lmi"]
[SourceDate "2011.11.01"]

1. e4 c5 2. Nf3 d6 3. d4 cxd4 4. Nxd4 Nf6 5. Nc3 g6 6. Bc4 Bg7 7. f3 O-O 8. Be3
Nc6 9. Qd2 Bd7 10. O-O-O Rc8 11. Bb3 Ne5 12. h4 h5 13. Bg5 b5 14. Ndxb5 Nc4 15.
Bxc4 Rxc4 16. e5 Bxb5 17. exf6 exf6 18. Be3 Qa5 19. Qd5 Rxc3 20. bxc3 Rc8 21.
Qb3 Rxc3 22. Bd2 Bh6 23. Bxh6 Rxb3 24. axb3 Bd7 25. Kb1 Be6 26. Rd3 Bf5 27. Bd2
Qc5 28. Be3 Qe5 29. Bd4 Qd5 30. Rd2 Qxb3+ 31. Bb2 a5 0-1

[Event "Copa Latinoamericana de Ajedrez 2011"]
[Site "Montevideo URU"]
[Date "2011.11.05"]
[Round "8.43"]
[White "Arcos Facio, Mateo"]
[Black "Colman, Matias"]
[Result "1/2-1/2"]
[WhiteElo "2148"]
[BlackElo "2007"]
[PlyCount "64"]
[EventDate "2011.11.01"]
[EventType "swiss"]
[EventRounds "9"]
[EventCountry "URU"]
[Source "lmi"]
[SourceDate "2011.11.01"]

1. e4 e6 2. Nf3 d5 3. Nc3 Nf6 4. e5 Nfd7 5. d4 a6 6. h4 c5 7. dxc5 Nc6 8. Bf4
Bxc5 9. Bd3 b5 10. O-O Qb6 11. Qd2 Bb7 12. a3 Nd4 13. Nxd4 Bxd4 14. Rfe1 Rc8
15. Nd1 O-O 16. c3 Bc5 17. b4 Be7 18. h5 f6 19. h6 fxe5 20. Bxe5 Nxe5 21. hxg7
Nf3+ 22. gxf3 Rf7 23. Qh6 Rxg7+ 24. Kf1 Rc6 25. Ra2 Bc8 26. Rae2 Qd8 27. Bf5
Qf8 28. Bxe6+ Bxe6 29. Rxe6 Qxf3 30. Rxc6 Qd3+ 31. Re2 Qxd1+ 32. Re1 Qd3+
1/2-1/2

[Event "Copa Latinoamericana de Ajedrez 2011"]
[Site "Montevideo URU"]
[Date "2011.11.05"]
[Round "8.44"]
[White "Sanguinetti, Luis"]
[Black "Chavez Riofrio, Elias Enrique"]
[Result "1-0"]
[WhiteElo "2138"]
[BlackElo "2009"]
[PlyCount "71"]
[EventDate "2011.11.01"]
[EventType "swiss"]
[EventRounds "9"]
[EventCountry "URU"]
[Source "lmi"]
[SourceDate "2011.11.01"]

1. d4 e6 2. c4 d5 3. Nc3 Nf6 4. cxd5 exd5 5. Bg5 c6 6. e3 Be7 7. Bd3 h6 8. Bh4
O-O 9. Nge2 Nbd7 10. Qc2 Re8 11. f3 Nf8 12. O-O N6h7 13. Bf2 Bh4 14. e4 Bxf2+
15. Rxf2 Be6 16. e5 f6 17. f4 fxe5 18. fxe5 Bg4 19. Raf1 Ng5 20. Qb3 Qb6 21.
Qc2 Bxe2 22. Nxe2 Re7 23. h4 Nge6 24. Qd2 Nd7 25. Bb1 g5 26. Qd3 Rg7 27. Rf6
Re8 28. Rg6 Ndf8 29. Rxg7+ Nxg7 30. Qf3 Qc7 31. hxg5 hxg5 32. Ng3 Nfe6 33. Nh5
Nxh5 34. Qxh5 Qe7 35. Qg6+ Kh8 36. Rf7 1-0

[Event "Copa Latinoamericana de Ajedrez 2011"]
[Site "Montevideo URU"]
[Date "2011.11.05"]
[Round "8.45"]
[White "Martyniuk, Carolina"]
[Black "Pesuto, Ivan"]
[Result "1/2-1/2"]
[WhiteElo "1959"]
[BlackElo "2129"]
[PlyCount "95"]
[EventDate "2011.11.01"]
[EventType "swiss"]
[EventRounds "9"]
[EventCountry "URU"]
[Source "lmi"]
[SourceDate "2011.11.01"]

1. g3 d6 2. Bg2 e5 3. d3 Nc6 4. Nf3 f5 5. Nbd2 Nf6 6. e4 Be7 7. c3 fxe4 8. dxe4
O-O 9. O-O Qe8 10. Qc2 Qh5 11. Re1 Kh8 12. b4 Bh3 13. Qd3 Bxg2 14. Kxg2 Rae8
15. h3 Nd8 16. Qc4 c6 17. a4 g5 18. Qd3 Ne6 19. Nc4 Rd8 20. Qe2 Qg6 21. Bd2 Rg8
22. Kh2 Rdf8 23. Rad1 Ne8 24. Bc1 Rg7 25. Rf1 h5 26. a5 Rh7 27. Rd3 g4 28.
Nfxe5 dxe5 29. Nxe5 Qg7 30. c4 Kg8 31. Bb2 Bf6 32. Rd7 Qh6 33. Rxh7 Qxh7 34.
Rd1 Bxe5 35. Bxe5 Ng5 36. Bb2 Qxe4 37. Qxe4 Nxe4 38. Bd4 Nxf2 39. Rd2 Ne4 40.
Re2 Ng5 41. Bxa7 Nf3+ 42. Kg2 Ng7 43. hxg4 hxg4 44. Re4 Re8 45. Rxg4 Ne5 46.
Re4 Nd3 47. Rxe8+ Nxe8 48. b5 1/2-1/2

[Event "Copa Latinoamericana de Ajedrez 2011"]
[Site "Montevideo URU"]
[Date "2011.11.05"]
[Round "8.47"]
[White "Belistri, Ubaldo"]
[Black "Trois, Francisco R Terres"]
[Result "0-1"]
[WhiteElo "2051"]
[BlackElo "2275"]
[PlyCount "34"]
[EventDate "2011.11.01"]
[EventType "swiss"]
[EventRounds "9"]
[EventCountry "URU"]
[Source "lmi"]
[SourceDate "2011.11.01"]

1. d4 d5 2. Nf3 Nf6 3. e3 g6 4. Bd3 Bg7 5. O-O O-O 6. Nbd2 c5 7. c3 Qc7 8. Re1
Nbd7 9. Qc2 b6 10. b3 Bb7 11. Ba3 Rfe8 12. Rac1 e5 13. Bf1 e4 14. Nh4 Rac8 15.
Qd1 Nf8 16. Bb5 Red8 17. Qe2 a6 0-1

[Event "Copa Latinoamericana de Ajedrez 2011"]
[Site "Montevideo URU"]
[Date "2011.11.05"]
[Round "8.48"]
[White "Pazdur, Martin"]
[Black "Manzanares, Richard"]
[Result "1-0"]
[WhiteElo "2230"]
[BlackElo "1897"]
[PlyCount "91"]
[EventDate "2011.11.01"]
[EventType "swiss"]
[EventRounds "9"]
[EventCountry "URU"]
[Source "lmi"]
[SourceDate "2011.11.01"]

1. e4 d6 2. d4 g6 3. Nc3 Bg7 4. f4 Nf6 5. Nf3 O-O 6. Bd3 c5 7. dxc5 dxc5 8. O-O
Nc6 9. h3 a6 10. Kh1 b5 11. e5 Nd5 12. Nxd5 Qxd5 13. Qe1 Bb7 14. Be4 Qd7 15. c3
Na5 16. Bxb7 Nxb7 17. Be3 Rfd8 18. Rd1 Qc6 19. Qh4 f6 20. Rde1 Rd5 21. Bc1 Rad8
22. f5 gxf5 23. Bh6 Bh8 24. Qg3+ Kf7 25. e6+ Qxe6 26. Rxe6 Kxe6 27. Re1+ Kf7
28. Nh4 Nd6 29. Qf3 e6 30. Qh5+ Ke7 31. Bf4 e5 32. Qxh7+ Ke6 33. Ng6 Nf7 34.
Qh4 Bg7 35. Qf2 Nd6 36. Qf3 Ne4 37. Be3 Rd3 38. Nh4 Nd6 39. Qc6 f4 40. Bxf4 Rc8
41. Qxa6 Kf7 42. Nf5 Rd8 43. Qa7+ Ke6 44. Nxg7+ Kd5 45. Be3 Ke4 46. Qxc5 1-0

[Event "Copa Latinoamericana de Ajedrez 2011"]
[Site "Montevideo URU"]
[Date "2011.11.05"]
[Round "8.50"]
[White "Chadwick, Norman"]
[Black "Lallana, Daniel"]
[Result "1-0"]
[WhiteElo "2196"]
[BlackElo "2003"]
[PlyCount "103"]
[EventDate "2011.11.01"]
[EventType "swiss"]
[EventRounds "9"]
[EventCountry "URU"]
[Source "lmi"]
[SourceDate "2011.11.01"]

1. Nf3 Nc6 2. g3 e5 3. d3 Bc5 4. Bg2 d6 5. c3 Bb6 6. e4 Bg4 7. h3 Bd7 8. Nbd2
a6 9. Nc4 Ba7 10. O-O h5 11. d4 h4 12. gxh4 Rxh4 13. Bg5 f6 14. Bxh4 g5 15.
Nxg5 fxg5 16. Qh5+ Kf8 17. Bxg5 Qe8 18. Qh4 exd4 19. Ne3 Ne5 20. Nd5 Qf7 21. f4
Ng6 22. Bh6+ Nxh6 23. Qxh6+ Qg7 24. Qxg7+ Kxg7 25. Kh2 c6 26. Nb4 dxc3 27. bxc3
Rh8 28. Rad1 Bc5 29. Nd3 Be3 30. f5 Nh4 31. Nf4 Nxg2 32. Nxg2 Bc5 33. e5 d5 34.
e6 Bc8 35. h4 Bd6+ 36. Kh3 Be5 37. Rd3 Rf8 38. Ne3 Bd6 39. c4 Bc5 40. cxd5 cxd5
41. Rg1+ Kh7 42. Rg5 d4 43. Nd5 Rxf5 44. Rxf5 Bxe6 45. Kg4 b6 46. Kg5 a5 47.
Nf6+ Kg7 48. Rxc5 bxc5 49. h5 Bc4 50. Rd2 Bb5 51. Ne4 c4 52. Rxd4 1-0

[Event "Copa Latinoamericana de Ajedrez 2011"]
[Site "Montevideo URU"]
[Date "2011.11.05"]
[Round "8.51"]
[White "Cucchi, Nicolas"]
[Black "Jodorcovsky Werjivker, Paulo"]
[Result "1/2-1/2"]
[WhiteElo "2002"]
[BlackElo "2194"]
[PlyCount "41"]
[EventDate "2011.11.01"]
[EventType "swiss"]
[EventRounds "9"]
[EventCountry "URU"]
[Source "lmi"]
[SourceDate "2011.11.01"]

1. d4 d5 2. c4 e6 3. Nc3 Nf6 4. cxd5 exd5 5. Bg5 Nbd7 6. e3 Be7 7. Bd3 O-O 8.
Qc2 Re8 9. Nf3 c6 10. O-O Nf8 11. Rab1 a5 12. a3 g6 13. b4 axb4 14. axb4 Ne6
15. Bh4 Ng7 16. b5 Bf5 17. bxc6 bxc6 18. Ne5 Rc8 19. Rb7 Bxd3 20. Qxd3 Rc7 21.
Rxc7 1/2-1/2